000
00205nam a2200109Ia 4500
100
_a
#N/A
942
_c
BK
654
_a
linux
245
_a
PCQ Linux 2004 -CD 2
260
_b
#N/A
_c
2004
546
_a
ENGLISH
999
_c
19933
_d
19933